|
|
|
|
| LEADER |
00627cam a2200193 7i4500 |
| 001 |
0000016596 |
| 005 |
20170218090000.0 |
| 020 |
|
|
|a 0256083738 (hbk.)
|
| 090 |
0 |
0 |
|a HD30.25
|b .T87 1991
|
| 100 |
1 |
|
|a Turban, Efraim
|
| 245 |
1 |
0 |
|a Fundamentals of management science
|c Efraim Turban, Jack R. Meredith.
|
| 250 |
|
|
|a 5th ed.
|
| 260 |
|
|
|a Homewood, IL.:
|b Irwin,
|c 1991.
|
| 300 |
|
|
|a xiv, 1010 p.:
|b ill.;
|c 24 cm.
|
| 650 |
0 |
0 |
|a Management --
|x Mathematical models
|
| 650 |
0 |
0 |
|a Management science
|
| 700 |
1 |
|
|a Meredith, Jack R
|
| 997 |
|
|
|a Business & Accountancy, Faculty
|
| 999 |
|
|
|a 0000028068
|b BOK
|c OPEN SHELF
|e 1st Floor, Bestari Jaya
|